Statistics for Største Byer i Verden Quiz

Click here to take the quiz!

General Stats

  • This quiz has been taken 141 times
  • The average score is 13 of 50

Answer Stats

IndbyggertalStorbyområde% Correct
22.4 mNew York City
89%
14.7 mLondon
74%
40.2 mTokyo
74%
11.4 mParis
71%
20.4 mBeijing
70%
17.2 mMoskva
63%
22.8 mMexico City
61%
17.8 mLos Angeles
56%
8.55 mWashington, DC
48%
20.5 mKairo
46%
29.4 mDelhi
45%
35.9 mShanghai
44%
24.7 mMumbai
40%
18.3 mBangkok
35%
15.8 mIstanbul
35%
30.6 mJakarta
29%
24.7 mSeoul
27%
13.1 mRio de Janeiro
26%
16.3 mBuenos Aires
24%
9.75 mChicago
24%
22.2 mSão Paulo
24%
9.90 mLima
22%
13.7 mJohannesburg
21%
18.8 mLagos
21%
17.7 mOsaka
21%
19.5 mDhaka
20%
25.2 mManila
20%
15.0 mTeheran
17%
9.80 mBogotá
13%
45.6 mGuangzhou
13%
16.6 mKolkata
13%
8.70 mKuala Lumpur
12%
8.60 mHo Chi Minh City
11%
17.3 mKarachi
11%
8.85 mWuhan
9%
11.0 mChennai
8%
8.05 mChongqing
8%
12.0 mKinshasa
7%
13.2 mTianjin
7%
11.8 mBangalore
6%
12.6 mLahore
6%
9.10 mTaipei
6%
8.25 mAhmedabad
4%
9.85 mHyderabad
4%
10.5 mNagoya
4%
9.80 mChengdu
3%
7.90 mLuanda
3%
9.90 mXiamen
3%
8.30 mHangzhou
2%
7.90 mShenyang
2%

Score Distribution

Percentile by Number Answered

Percent of People with Each Score

Your Score History

You have not taken this quiz